Top 50 European Football Clubs - Statistics

General Stats
  • This quiz has been taken 107 times
  • The average score is 23 of 50
Answer Stats
Nation Answer % Correct
2 GER Bayern Munich
99%
9 ENG Manchester United
97%
1 ENG Liverpool
95%
6 ENG Manchester City
95%
8 ESP Real Madrid
95%
3 NED Ajax
94%
7 FRA Paris Saint Germain
94%
5 ENG Chelsea
93%
4 ITA Juventus
92%
33 ESP Barcelona
91%
14 ITA Inter Milan
88%
36 GER Borussia Dortmund
86%
13 FRA Olympique Lyonnais
85%
50 POR FC Porto
80%
17 ESP Atletico Madrid
77%
15 POR Benfica
74%
31 ITA AS Roma
69%
38 ESP Sevilla
60%
48 ITA SSC Napoli
55%
19 FRA AS Monaco
51%
49 SCO Rangers FC
50%
40 GER RB Leipzig
50%
20 TUR Galatasaray
49%
44 ITA SS Lazio
48%
30 NED Feyenoord
42%
16 POR Sporting Lisbon
38%
11 ESP Villareal
33%
37 ITA Atalanta
30%
23 SRB Crvena Zvezda
29%
10 AUT RB Salzburg
28%
35 ESP Real Betis
28%
45 CRO Dinamo Zagreb
27%
21 GER Eintracht Frankfurt
27%
22 ENG West Ham United
27%
47 ESP Real Sociedad
24%
25 RUS Spartak Moscow
19%
18 GER Bayer Leverkusen
15%
46 GRE PAOK
13%
43 ISR Maccabi Tel Aviv
12%
26 NED AZ Alkmaar
10%
29 DEN FC Copenhagen
10%
28 SUI FC Basel
9%
24 AUT LASK
9%
42 MDA Sheriff Tiraspol
9%
41 AZE Qarabag FK
2%
27 FRA Stade Rennais
2%
32 BEL KAA Gent
1%
39 NOR FK Bodo/Glimt
0%
12 FRA LOSC Lille
0%
34 POR SC Braga
0%
No matching quizzes found
Score Distribution
Percent of People with Each Score
Percentile by Number Answered
Your Score History
You have not taken this quiz